00556nmm a2200169Ia 4500008004100000020001500041041000800056100002500064245011000089264005100199300001800250490002900268650001500297856005000312942000700362999001700369251105s9999||||xx |||||||||||||||||und|| a8470305395 aspa aCronbach, Lee Joseph 0aFundamentos de los test psicológicos : aplicaciones a las organizaciones, la educación y la clínica a[Madrid, España] :bBiblioteca Nueva, c1998 a750 páginas aPsicología Universidad aPsychology uhttps://public.digitaliapublishing.com/a/4466 cCF c73106d73106